Malmo Biggest Transfers - Statistics

General Stats
  • This quiz has been taken 39 times
  • The average score is 18 of 41
Answer Stats
% Correct
Outgoings Sweden ST Zlatan Ibrahimovic 01/02 Ajax
94%
Outgoings Sweden CM Hugo Larsson 23/24 Eintracht Frankfurt
85%
Outgoings Sweden ST Markus Rosenberg 05/06 Ajax
79%
Incomings Norway AM Oliver Berg 23/24 Djurgardens
76%
Outgoings Sweden CB Erik Berg 15/16 Gent
73%
Incomings Sweden CM Otto Rosengren 23/24 Mjallby
73%
Outgoings Bosnia CB Anel Ahmedhodzic 22/23 Sheffield United
70%
Outgoings Bosnia CB Anel Ahmedhodzic 21/22 Bordeaux
70%
Incomings Peru CM Sergio Pena 21/22 Emmen
67%
Outgoings Sweden AM Emil Forsberg 14/15 RB Leipzig
64%
Incomings Norway CM Lasse Berg Johnsen 23/24 Randers
61%
Outgoings Sweden CM Mattias Svanberg 18/19 Bologna
58%
Incomings Denmark RW Sebastian Jorgensen 23/24 Silkeborg
58%
Incomings Serbia RW Veljko Birmancevic 20/21 Cukaricki
58%
Outgoings Serbia RW Veljko Birmancevic 22/23 Toulouse
58%
Incomings Sweden LW Stefano Vecchia 22/23 Rosenborg
55%
Outgoings Peru CM Yoshimar Yotun 17/18 Orlando City
52%
Incomings Sweden ST Ola Toivonen 06/07 Orgryte
45%
Outgoings Sweden ST Ola Toivonen 08/09 PSV
45%
Outgoings Bosnia CB Dennis Hadzikadunic 18/19 Rostov
42%
Incomings Mali DM Mahame Siby 22/23 Strasbourg
42%
Outgoings Sweden ST Amin Sarr 21/22 Heerenveen
39%
Outgoings Sweden CB Filip Helander 15/16 Hellas Verona
36%
Outgoings Sweden ST Isaac Kiese Thelin 14/15 Bordeaux
36%
Outgoings Chile LB Miiko Albornoz 14/15 Hannover
36%
Outgoings South Africa ST Tokelo Rantie 13/14 Bournemouth
33%
Outgoings Iceland ST Vidar Orn Kjartansson 16/17 Maccabi Tel Aviv
33%
Outgoings Norway RB Andreas Vindheim 19/20 Sparta Prague
30%
Incomings Ghana CM Kingsley Sarfo 17/18 Sirius
30%
Incomings Sweden ST Mathias Ranegie 11/12 Hacken
27%
Outgoings Sweden ST Mathias Ranegie 12/13 Udinese
27%
Outgoings Sweden LW Pawel Cibicki 17/18 Leeds United
24%
Incomings Brazil ST Afonso Alves 03/04 Orgryte
21%
Outgoings Brazil ST Afonso Alves 06/07 Heerenveen
21%
Outgoings Sweden CM Magnus Eriksson 14/15 Guizhou Renhe
21%
Incomings Sweden RW Carlos Strandberg 17/18 Club Brugge
18%
Outgoings Sweden CB Pavle Vagic 21/22 Rosenborg
18%
Outgoings Sweden LW Jorgen Pettersson 95/96 Borussia Monchengladbach
12%
Outgoings Sweden ST Mats Magnusson 87/88 Benfica
9%
Incomings Denmark CM Jesper Bech 05/06 Kobenhavn
6%
Incomings Brazil SS Wilton Figueiredo 08/09 Al-Rayyan
6%
No matching quizzes found
Score Distribution
Percent of People with Each Score
Percentile by Number Answered
Your Score History
You have not taken this quiz